000 00707cam a2200217 a 4500
020 _a9789251076415
020 _a9251076413
040 _cUAB
082 _a633 FOO 2013 A038 Or.
100 1 _aHoweler, R. H.
245 1 0 _aSave and grow :
_bcassava : a guide to sustainable production intensification /
260 _aRome :
_bFood and Agriculture Organization of the United Nations,
_c2013.
300 _ax, 129 p. :
_bcol. ill., col. map ;
_c26 cm.
650 0 _aCassava.
650 0 _aAgricultural systems.
650 0 _aSustainable agriculture.
700 1 _aLutaladio, NeBambi.
700 1 _aThomas, Graeme.
710 2 _aFood and Agriculture Organization of the United Nations.
942 _cEK
999 _c11404
_d11404